000 00607nam a2200205Ia 4500
001 7436
003 GE_BSU
008 181216s||||||||xx |||||||||||||| ||und||
040 _cGE_BSU
080 _a665.3
100 _aДринберг,А.Я. Варламов,В.С.
245 _aЖиры и масла как пленкообразователи.
245 _cРед.В.С.Гуляев.
260 _aМ.-Л.
260 _bПищепромиздат.
260 _c1940.
300 _a420стр.20см.
653 _aЖиры и масла как пленкообразователи.
942 _cBK
999 _c40796
_d40796